=LDR 00000nam 2200000 4500 =001 NUTBA000000000002989 =005 20140715095404.0 =006 =007 =008 =020 ##$$a 978-979-002-246-7 =035 ##$$a 0010-071400000000177 =040 ##$$a NBPDMAT =082 ##$$a 635.977 2 =090 ##$$a 635.977 2 $b Bud t =100 ##$$a Budi Sulistyo =245 ##$$a Tropical bonsai galary / $c Budi Sulistyo ; editor, Surip Prayugo =260 ##$$a Jakarta : $b Penebar Swadaya, $c 2008 =300 ##$$a 236 hlm. : $b ilus. ; $c 23 cm. =650 ##$$a Bonsai =990 ##$$a 21403252